Loading...
| Literature - World Literature | 0 | 4 | 0 | 0 | 40 | 109 | 122.75 | 1 | 4 |
| Philosophy | 1 | 2 | 0 | 0 | 35 | 58 | 74.67 | 1 | 3 |
| Fine Arts - Visual Fine Arts | 1 | 2 | 0 | 1 | 35 | 48 | 92.00 | 1 | 3 |
| Science - Biology | 0 | 4 | 1 | 0 | 35 | 62 | 82.25 | 1 | 4 |
| Science - Physics | 0 | 3 | 1 | 1 | 25 | 108 | 121.00 | 0 | 3 |
| Current Events | 0 | 2 | 0 | 1 | 20 | 114 | 119.50 | 0 | 2 |
| Literature - European Literature | 0 | 2 | 0 | 0 | 20 | 103 | 109.00 | 1 | 2 |
| History - European History | 0 | 2 | 0 | 0 | 20 | 83 | 91.50 | 0 | 2 |
| Science - Chemistry | 1 | 1 | 1 | 1 | 20 | 26 | 72.50 | 1 | 2 |
| Social Science | 1 | 0 | 0 | 0 | 15 | 34 | 34.00 | 1 | 1 |
| Fine Arts - Auditory Fine Arts | 0 | 2 | 1 | 0 | 15 | 113 | 121.50 | 0 | 2 |
| Geography | 1 | 0 | 0 | 0 | 15 | 58 | 58.00 | 1 | 1 |
| Literature - British Literature | 0 | 1 | 0 | 0 | 10 | 113 | 113.00 | 1 | 1 |
| Literature - American Literature | 0 | 1 | 0 | 0 | 10 | 129 | 129.00 | 0 | 1 |
| History - American History | 1 | 0 | 1 | 0 | 10 | 68 | 68.00 | 1 | 1 |
| Fine Arts - Other Fine Arts | 0 | 1 | 0 | 0 | 10 | 122 | 122.00 | 1 | 1 |